| 000 | 01273cam a2200253 4500500 | ||
|---|---|---|---|
| 005 | 20251228065641.0 | ||
| 041 | _afre | ||
| 042 | _adc | ||
| 100 | 1 | 0 |
_aDilé, Nicolas _eauthor |
| 245 | 0 | 0 | _aProtection de l’enfance, un doux glissement vers la surveillance |
| 260 | _c2022. | ||
| 500 | _a1 | ||
| 520 | _aLa Cour des comptes alerte sur les difficultés que rencontrent les acteurs de la Protection de l’enfance à répondre à leurs missions. Le système est étouffé dans un fonctionnement qui se bureaucratise de plus en plus. Les préconisations proposées accentuent cette tendance. Le risque d’un glissement des pratiques du travail de l’accompagnement vers le contrôle est nommé avec la crainte que le travailleur social ne devienne l’un des acteurs d’une surveillance disciplinaire. | ||
| 690 | _aaccompagnement | ||
| 690 | _aaemo | ||
| 690 | _acontrôle | ||
| 690 | _aCour des comptes | ||
| 690 | _apanopticon de Bentham | ||
| 690 | _aProtection de l’enfance | ||
| 690 | _asurveillance | ||
| 690 | _atravail social | ||
| 786 | 0 | _nVST - Vie sociale et traitements | 154 | 2 | 2022-05-04 | p. 63-67 | 0396-8669 | |
| 856 | 4 | 1 | _uhttps://shs.cairn.info/revue-vie-sociale-et-traitements-2022-2-page-63?lang=fr&redirect-ssocas=7080 |
| 999 |
_c1591947 _d1591947 |
||